000 00574nam a2200217Ia 4500
003 OSt
005 20220928141851.0
006 a|||||r|||| 00| 0
007 ta
008 220927b |||||||| |||| 00| 0 eng d
024 _a18179
037 _cTextual
040 _aSDCL
_cSDCL
_beng
041 _2eng
_aeng
082 _aW:2'N, K9
100 _aHanham H J Ed.
_9479798
245 0 _aNineteenth-century constitution 1815-1914
_bDocuments and commentary
260 _c1969
942 _hW:2'N, K9
_cTEXL
_2CC
999 _c820442
_d820442